Highest Rated Rock Albums on AOTY.org - Statistics

General Stats
  • This quiz has been taken 45 times
  • The average score is 15 of 25
Answer Stats
Artist Year Answer % Correct
Nirvana 1991 Nevermind
89%
Radiohead 1997 OK Computer
89%
The Beatles 1969 Abbey Road
84%
Pink Floyd 1973 The Dark Side of the Moon
82%
Radiohead 2007 In Rainbows
76%
David Bowie 1972 The Rise and Fall of Ziggy Stardust and the Spiders from Mars
76%
Pink Floyd 1974 Wish You Were Here
76%
Jeff Buckley 1994 Grace
68%
Pink Floyd 1977 Animals
66%
Radiohead 2000 Kid A
66%
Black Sabbath 1970 Paranoid
66%
Prince and The Revolution 1984 Purple Rain
66%
King Crimson 1969 In the Court of the Crimson King
63%
David Bowie 2016 Blackstar
55%
The Cure 1989 Disintegration
53%
Godspeed You Black Emperor! 2000 Lift Your Skinny Fists Like Antennas to Heaven
50%
King Crimson 1974 Red
50%
The Jimi Hendrix Experience 1968 Electric Ladyland
47%
Fishmans 1996 LONG SEASON
45%
Black Country, New Road 2022 Ants From Up There
42%
Have a Nice Life 2008 Deathconsciousness
42%
Talking Heads 1980 Remain in Light
42%
Cocteau Twins 1990 Heaven or Las Vegas
39%
Fiona Apple 1999 When the Pawn…
34%
Godspeed You Black Emperor 1999 Slow Riot For New Zerø Kanada E.P
18%
No matching quizzes found
Score Distribution
Percent of People with Each Score
Percentile by Number Answered
Your Score History
You have not taken this quiz